Một số vấn đề về kỹ thuật nuôi tôm sú công nghiệp
v..v..
Đã lưu trong:
| Tác giả chính: | |
|---|---|
| Định dạng: | Sách |
| Năm xuất bản: |
Tp. Hồ Chí Minh
Nông nghiệp
2001
|
| Phiên bản: | Tái bản lần 1 |
| Chủ đề: | |
| Tags: |
Thêm thẻ
Không có thẻ, Hãy là người đầu tiên gắn thẻ bản ghi này!
|
| LEADER | 00879nam a2200193 4500 | ||
|---|---|---|---|
| 082 | |a 639.6 |b NG527V | ||
| 100 | |a Nguyễn Văn Hảo | ||
| 245 | |a Một số vấn đề về kỹ thuật nuôi tôm sú công nghiệp |c Nguyễn Văn Hảo . | ||
| 250 | |a Tái bản lần 1 | ||
| 260 | |a Tp. Hồ Chí Minh |b Nông nghiệp |c 2001 | ||
| 300 | |a 210tr |c 21 cm | ||
| 520 | |a v..v.. | ||
| 653 | |a Nuôi tôm | ||
| 653 | |a Tôm sú | ||
| 653 | |a Nông nghiệp | ||
| 942 | |2 ddc |c STK0 | ||
| 999 | |c 7325 |d 7325 | ||
| 952 | |0 0 |1 0 |2 ddc |4 0 |6 639_900000000000000_NG527V |7 0 |8 600 |9 67270 |a qbu |b qbu |c D3 |d 2015-02-04 |g 18000 |o 639.9 NG527V |p 7218.c1 |r 0000-00-00 |w 2015-02-04 |y STK0 |0 0 |6 639_900000000000000_NG527V | ||
| 952 | |0 0 |1 0 |2 ddc |4 0 |6 639_900000000000000_NG527V |7 0 |8 600 |9 67271 |a qbu |b qbu |c D3 |d 2015-02-04 |g 18000 |l 1 |m 1 |o 639.9 NG527V |p 7218.c2 |r 2018-04-06 |s 2018-03-27 |w 2015-02-04 |y STK0 |0 0 |6 639_900000000000000_NG527V | ||